Teoría y práctica de los circuitos con semiconductores / (Registro nro. 41581)

Detalles MARC
000 -LEADER
campo de control de longitud fija 00837nam a2200229 i 4500
001 - NÚMERO DE CONTROL
campo de control 41581
003 - IDENTIFICADOR DE NÚMERO DE CONTROL
campo de control ES-MaACL
005 - FECHA Y HORA DE LA ÚLTIMA TRANSACCIÓN
campo de control 20230906160446.0
007 - CAMPO FIJO DE DESCRIPCIÓN FÍSICA--INFORMACIÓN GENERAL
campo de control de longitud fija t|
008 - DATOS DE LONGITUD FIJA--INFORMACIÓN GENERAL
campo de control de longitud fija 030311s1968 sp ||||1| spa d
100 1# - ENTRADA PRINCIPAL--NOMBRE DE PERSONA
Nombre de persona Cassignol, Etienne Jean.
9 (RLIN) 36352
245 10 - MENCIÓN DEL TÍTULO
Título Teoría y práctica de los circuitos con semiconductores /
Mención de responsabilidad, etc. E. J. Cassignol ; prólogo J. Lagasse.
260 ## - PUBLICACIÓN, DISTRIBUCIÓN, ETC.
Lugar de publicación, distribución, etc. Madrid :
Nombre del editor, distribuidor, etc. Paraninfo,
Fecha de publicación, distribución, etc. 1968.
300 ## - DESCRIPCIÓN FÍSICA
Extensión 2 v. :
Otras características físicas il. ;
Dimensiones 22 cm.
505 8# - NOTA DE CONTENIDO CON FORMATO
Nota de contenido con formato V.I.: Electrónica lineal / [traducido, Juan Antonio de Miguel]. V.II.: Electrónica no lineal / [ traducido, J. Sánchez Solera]
700 1# - ENTRADA AGREGADA--NOMBRE PERSONAL
Nombre de persona Lagasse, J.
9 (RLIN) 69562
700 1# - ENTRADA AGREGADA--NOMBRE PERSONAL
Nombre de persona Miguel, Juan Antonio de.
9 (RLIN) 81013
700 1# - ENTRADA AGREGADA--NOMBRE PERSONAL
Nombre de persona Sánchez Solera, J.
9 (RLIN) 102941
740 0# - ENTRADA AGREGADA--TÍTULO RELACIONADO/ANALÍTICO NO CONTROLADO
Título relacionado o analítico no controlado Electrónica lineal.
740 0# - ENTRADA AGREGADA--TÍTULO RELACIONADO/ANALÍTICO NO CONTROLADO
Título relacionado o analítico no controlado Electrónica no lineal.
852 ## - LOCALIZACIÓN
Ubicación ES-MaACL
Número de control de estantería C-35208-9
Sublocalización o colección R.65631
Existencias
Estatus retirado Estado de pérdida Estado de daño No para préstamo Biblioteca de origen Biblioteca actual Ubicación en estantería Fecha de adquisición Fuente de adquisición Total de préstamos Signatura topográfica completa Código de barras Visto por última vez Precio de reemplazo Tipo de ítem Koha
        Biblioteca del Ateneo de Madrid Biblioteca del Ateneo de Madrid Depósito 2 17/01/2008     C-35208-9 1043775 23/02/2023 23/02/2023 Libro impreso